Personnel management : a human resources approach. (5th ed.) (Record no. 81829)
[ view plain ]
| 000 -LEADER | |
|---|---|
| fixed length control field | 01115nam a2200241 a 4500 |
| 008 - FIXED-LENGTH DATA ELEMENTS--GENERAL INFORMATION | |
| fixed length control field | 060316s1985 ||||||||||||||||| || u |
| 020 ## - INTERNATIONAL STANDARD BOOK NUMBER | |
| International Standard Book Number | 0256032297 |
| 050 ## - LIBRARY OF CONGRESS CALL NUMBER | |
| Classification number | HF 5549 Meg |
| 100 ## - MAIN ENTRY--PERSONAL NAME | |
| Personal name | Megginson, Leon C |
| 245 10 - TITLE STATEMENT | |
| Title | Personnel management : a human resources approach. (5th ed.) |
| 246 ## - | |
| -- | a human resources approach |
| 250 ## - EDITION STATEMENT | |
| Edition statement | 5th ed. |
| 260 ## - PUBLICATION, DISTRIBUTION, ETC. | |
| Place of publication, distribution, etc. | Homewood, Ill. : |
| Name of publisher, distributor, etc. | Irwin |
| Date of publication, distribution, etc. | 1985 |
| 300 ## - PHYSICAL DESCRIPTION | |
| Extent | xvii, 654 p. : ill. |
| 350 ## - | |
| -- | 0.00 |
| 490 ## - | |
| -- | The Irwin series in management and the behavioral sciences |
| 500 ## - GENERAL NOTE | |
| General note | Includes bibliographies and indexes. |
| 650 #0 - SUBJECT ADDED ENTRY--TOPICAL TERM | |
| Topical term or geographic name entry element | MANAGEMENT |
| 650 #0 - SUBJECT ADDED ENTRY--TOPICAL TERM | |
| Topical term or geographic name entry element | PERSONNEL MANAGEMENT |
| 995 ## - | |
| -- | ANNEX COLLECTION (Main Library) |
| -- | 0.00 |
| -- | 702258 |
| -- | CBU-MAIN LIBRARY (Kitwe) |
| -- | 3 |
| -- | 22.95 |
| -- | HF 5549 Meg |
| -- | 3 |
| -- | AVAILABLE |
| -- | 006160 |
| -- | Annex Low-Usage Collection |
| 995 ## - | |
| -- | BINDERY (DAMAGED) |
| -- | 0.00 |
| -- | 725392 |
| -- | CBU-MAIN LIBRARY (Kitwe) |
| -- | 1 |
| -- | 22.95 |
| -- | HF 5549 Meg |
| -- | 1 |
| -- | DAMAGED |
| -- | 006158 |
| -- | Main Library Open Access Collection |
| 995 ## - | |
| -- | MAIN LIBRARY OPEN ACCESS |
| -- | 0.00 |
| -- | 006159 |
| -- | CBU-MAIN LIBRARY (Kitwe) |
| -- | 2 |
| -- | 22.95 |
| -- | HF 5549 Meg |
| -- | 2 |
| -- | AVAILABLE |
| -- | 006159 |
| -- | Main Library Open Access Collection |
| 999 ## - | |
| -- | 81829 |
| -- | 81829 |
| Withdrawn status | Lost status | Source of classification or shelving scheme | Damaged status | Not for loan | Permanent Location | Current Location | Shelving location | Date acquired | Total Checkouts | Full call number | Barcode | Date last seen | Copy number | Price effective from | Koha item type |
|---|---|---|---|---|---|---|---|---|---|---|---|---|---|---|---|
| CBU-MAIN LIBRARY, KITWE. | CBU-MAIN LIBRARY, KITWE. | 09/12/2023 | HF 5549 Meg | 006160 | 09/12/2023 | 1 | 09/12/2023 | MONOGRAPH | |||||||
| CBU-MAIN LIBRARY, KITWE. | CBU-MAIN LIBRARY, KITWE. | 09/12/2023 | HF 5549 Meg | 006158 | 09/12/2023 | 2 | 09/12/2023 | MONOGRAPH | |||||||
| CBU-MAIN LIBRARY, KITWE. | CBU-MAIN LIBRARY, KITWE. | 09/12/2023 | HF 5549 Meg | 006159 | 09/12/2023 | 3 | 09/12/2023 | MONOGRAPH |